Educación y globalización (Record no. 67685)

MARC details
000 -LEADER
campo de control de longitud fija 00821nam a2200241 i 4500
001 - NÚMERO DE CONTROL
campo de control 67685
003 - IDENTIFICADOR DE NÚMERO DE CONTROL
campo de control ES-MaACL
005 - FECHA Y HORA DE LA ÚLTIMA TRANSACCIÓN
campo de control 20250728051340.0
007 - CAMPO FIJO DE DESCRIPCIÓN FÍSICA--INFORMACIÓN GENERAL
campo de control de longitud fija t|
008 - DATOS DE LONGITUD FIJA--INFORMACIÓN GENERAL
campo de control de longitud fija 040610s2003 sp ||||1| spa d
020 ## - NÚMERO INTERNACIONAL ESTÁNDAR DEL LIBRO
Número Internacional Estándar del Libro 84-7658-654-X
080 ## - NÚMERO DE LA CLASIFICACIÓN DECIMAL UNIVERSAL
Número de la Clasificación Decimal Universal 37.014(8=134)"19"
100 1# - ENTRADA PRINCIPAL--NOMBRE DE PERSONA
Nombre de persona Bello de Arellano, María Eugenia.
9 (RLIN) 27240
245 10 - MENCIÓN DEL TÍTULO
Título Educación y globalización
Resto del título : los discursos educativos en Iberoamérica /
Mención de responsabilidad, etc. María Eugenia Bello.
250 ## - MENCION DE EDICION
Mención de edición 1ª ed.
260 ## - PUBLICACIÓN, DISTRIBUCIÓN, ETC.
Lugar de publicación, distribución, etc. Rubí (Barcelona) :
Nombre del editor, distribuidor, etc. Anthropos,
Fecha de publicación, distribución, etc. 2003.
300 ## - DESCRIPCIÓN FÍSICA
Extensión 383 p. ;
Dimensiones 20 cm.
490 1# - MENCIÓN DE SERIE
Mención de serie Repensar la educación desde la actualidad ;
Designación de volumen o secuencia 4
651 #4 - PUNTO DE ACCESO ADICIONAL DE MATERIA--NOMBRE GEOGRÁFICO
Nombre geográfico América Latina-
Subdivisión general Política educativa
9 (RLIN) 7754
830 0# - PUNTO DE ACCESO ADICIONAL DE SERIE-TÍTULO UNIFORME
Título uniforme Repensar la educación desde la actualidad ;
Designación de volumen o secuencia 4
9 (RLIN) 230911
852 ## - LOCALIZACIÓN
Ubicación ES-MaACL
Número de control de estantería L-27906
Sublocalización o colección R.133410
Holdings
Estatus retirado Estado de pérdida Estado de daño No para préstamo Biblioteca de origen Biblioteca actual Ubicación en estantería Fecha de adquisición Fuente de adquisición Total de préstamos Signatura topográfica completa Código de barras Visto por última vez Precio de reemplazo Tipo de ítem Koha
        Biblioteca del Ateneo de Madrid Biblioteca del Ateneo de Madrid Depósito 2 17/01/2008     L-27906 1070866 23/02/2023 23/02/2023 Libro impreso